MARC

LEADER 00000nbm0a2200000 4500
001 177619
005 20231031165644.0
035 |a (RuTPU)RU\TPU\book\192585 
090 |a 177619 
100 |a 20100323d1970 m y0rusy50 ca 
101 0 |a rus 
102 |a RU 
105 |a a z 001zy 
200 1 |a Статьи ректора института профессора-доктора А. А. Воробьева в 1969 году  |h Т. 1  |f Томский политехнический институт (ТПИ) 
210 |a Томск  |d 1970 
320 |a Библиогр. в тексте. 
610 1 |a рукописные работы 
610 1 |a труды учёных ТПУ 
610 1 |a заряженные частицы 
610 1 |a ускорение 
610 1 |a аддитивность 
610 1 |a циклические ускорители 
610 1 |a грозы 
610 1 |a Земля 
610 1 |a земной магнетизм 
610 1 |a вузы 
610 1 |a учебная работа 
610 1 |a гравитационно-плазменная гипотеза 
610 1 |a диэлектрики 
610 1 |a вычислительная техника 
610 1 |a горные породы 
610 1 |a радиоактивные материалы 
610 1 |a плазмохимические процессы 
610 1 |a торф 
610 1 |a облучение 
610 1 |a электронные пучки 
675 |a 539.1.07(092)  |v 3 
712 0 2 |a Томский политехнический институт (ТПИ)  |c (1944-1991)  |2 stltpush  |3 (RuTPU)RU\TPU\col\1123 
801 1 |a RU  |b 63413507  |c 20100323 
801 2 |a RU  |b 63413507  |c 20101018  |g RCR 
942 |c BK